Africa and United States policy

Gespeichert in:
Bibliographische Detailangaben
1. Verfasser: Emerson, Rupert (VerfasserIn)
Format: Buch
Sprache:Englisch
Veröffentlicht: Englewood Cliffs Prentice-Hall 1967
Schriftenreihe:America's Role in World Affairs Series
Schlagworte:
Tags: Tag hinzufügen
Keine Tags, Fügen Sie den ersten Tag hinzu!

MARC

LEADER 00000nam a2200000 a 4500
001 UCO7592
003 CL-VaPUC
008 001117e19670000us |||||||||||||||||eng|d
082 0 4 |a 327.6073  |b EME  |2 21 
100 0 |a Emerson, Rupert  |e author  |9 452140 
245 1 0 |a Africa and United States policy 
300 |a 117 p 
942 |c BK 
945 |d 20001117 00:00:00  |a crobeson 
260 |a Englewood Cliffs  |b Prentice-Hall  |c 1967 
500 |a Donación del profesor Manfred Wilhelmy von Wolff 
650 0 |a Relaciones Internacionales  |9 255740 
650 0 |a Política exterior   |9 316628 
650 0 |a Cooperación internacional  |9 255447 
651 0 |a África  |9 256790 
651 0 |a Estados Unidos  |9 255178 
583 |a last modification  |c 20150429 04:29:53  |k Rodrigo Vera 
490 0 |a America's Role in World Affairs Series 
999 |c 292482  |d 292480 
952 |0 0  |1 0  |4 0  |6 327_607300000000000_EME_1967  |7 0  |8 A  |9 343397  |a BIBHIS  |b BIBHIS  |d 2019-11-20  |i 1228706  |o 327.6073 EME 1967  |p 1228706  |r 2025-01-20  |w 2019-11-20  |y BK  |k HIS